| 000 | 01037nam a22002897a 4500 | ||
|---|---|---|---|
| 001 | BD-DhSAU 9032 | ||
| 003 | BD-DhSAU | ||
| 005 | 20190110094553.0 | ||
| 008 | 150612b2015 bg a||||r|||| 000 0 eng d | ||
| 040 | _aBD-DhSAU | ||
| 082 |
_222 _a631.4 _bSh68 |
||
| 100 |
_aShithy , Samiha Marzan _4Registration No: 15-06916 |
||
| 245 |
_aRole of modified Chitosan on Rice (Brri Dhan29) cultivation in Saline soil / _cShithy , Samiha Marzan _bMs Thesis |
||
| 260 |
_aSher-e- Bangla Agricultural University : _bDepartment of Soil science, _c2015. |
||
| 300 |
_ax , 81 p. : _bill. , _c30 cm. |
||
| 504 | _aIncludes bibliographical references. | ||
| 590 | _aShofi | ||
| 650 | _aSoil science | ||
| 650 | _aRole of modified Chitosan | ||
| 650 | _a Rice (Brri Dhan29) | ||
| 650 | _aCultivation | ||
| 650 | _aSaline soil | ||
| 700 |
_a Bari , A.S.M. Fazle _eSupervisor |
||
| 700 |
_aIssak , Mohammad _eCo-Supervisor |
||
| 856 |
_uhttp://archive.saulibrary.edu.bd:8080/xmlui/handle/123456789/1388 _yOnline Access |
||
| 942 |
_2ddc _cTHESIS |
||
| 999 |
_c14349 _d14348 |
||